|
|
|
|
| LEADER |
03454nam a2200433 4500 |
| 001 |
978-3-319-72134-7 |
| 003 |
DE-He213 |
| 005 |
20191029111114.0 |
| 007 |
cr nn 008mamaa |
| 008 |
180605s2018 gw | s |||| 0|eng d |
| 020 |
|
|
|a 9783319721347
|9 978-3-319-72134-7
|
| 024 |
7 |
|
|a 10.1007/978-3-319-72134-7
|2 doi
|
| 040 |
|
|
|d GrThAP
|
| 050 |
|
4 |
|a RL1-803
|
| 072 |
|
7 |
|a MJK
|2 bicssc
|
| 072 |
|
7 |
|a MED017000
|2 bisacsh
|
| 072 |
|
7 |
|a MJK
|2 thema
|
| 082 |
0 |
4 |
|a 616.5
|2 23
|
| 100 |
1 |
|
|a Khan Mohammad Beigi, Pooya.
|e author.
|4 aut
|4 http://id.loc.gov/vocabulary/relators/aut
|
| 245 |
1 |
0 |
|a Alopecia Areata
|h [electronic resource] :
|b A Clinician's Guide /
|c by Pooya Khan Mohammad Beigi.
|
| 250 |
|
|
|a 1st ed. 2018.
|
| 264 |
|
1 |
|a Cham :
|b Springer International Publishing :
|b Imprint: Springer,
|c 2018.
|
| 300 |
|
|
|a XIX, 172 p. 73 illus., 47 illus. in color.
|b online resource.
|
| 336 |
|
|
|a text
|b txt
|2 rdacontent
|
| 337 |
|
|
|a computer
|b c
|2 rdamedia
|
| 338 |
|
|
|a online resource
|b cr
|2 rdacarrier
|
| 347 |
|
|
|a text file
|b PDF
|2 rda
|
| 505 |
0 |
|
|a Part 1: Overview -- Chapter 1: Introduction -- Part 2: Diffuse Alopecia -- Chapter 2 - Diffuse alopecia areata -- Chapter 3 - Alopecia totalis / universalis -- Chapter 4 - Telogen effluvium -- Chapter 5 - Anagen effluvium -- Chapter 6 - Loose anagen syndrome -- Part 3: Focal Alopecia - Non-scarring Alopecias -- Chapter 7 - Androgenetic alopecia (AGA) -- Chapter 8 - Alopecia areata -- Chapter 9 - Tinea capitis -- Part 4: Focal Alopecia - Traumatic Hair Loss -- Chapter 10 - Trichotillomania (hair pulling disorder) -- Chapter 11 - Traction alopecia -- Part 5: Focal Alopecia - Cicatricial Alopecia -- Chapter 12 - Chronic cutaneous lupus erythematosus -- Chapter 13 - Lichen planopilaris -- Chapter 14 - Central centrifugal cicatricial alopecia -- Part 6: Pathology slides -- Chapter 15 - Pathology slides -- Part 7: Research studies -- Chapter 16 - Research study 1 -- Chapter 17 - Research study 2 -- Part 8: Case reports and photos -- Chapter 18 - Patient descriptions.
|
| 520 |
|
|
|a Offering the reader a comprehensive look at the material regarding alopecia areata, this book is divided into several sections: One section encompasses the detailed overview of alopecia areata including its epidemiology, etiology, signs, symptoms, diagnosis, differential diagnosis and treatment options; another section provides information and content about different comorbidities in patients with alopecia areata; the third section contains case studies of patients diagnosed with alopecia areata, including their signs, symptoms, lab tests, clinical management, and treatment; and the last section covers research studies on this disease. Complete with full color photographs of patients before, during, and after the disease to accompany the various sections, Alopeacia Areata -- A Clinician's Guide is written for dermatologists as well as internists dealing with the comorbid conditions that often accompany alopecia areata.
|
| 650 |
|
0 |
|a Dermatology.
|
| 650 |
1 |
4 |
|a Dermatology.
|0 http://scigraph.springernature.com/things/product-market-codes/H1900X
|
| 710 |
2 |
|
|a SpringerLink (Online service)
|
| 773 |
0 |
|
|t Springer eBooks
|
| 776 |
0 |
8 |
|i Printed edition:
|z 9783319721330
|
| 776 |
0 |
8 |
|i Printed edition:
|z 9783319721354
|
| 776 |
0 |
8 |
|i Printed edition:
|z 9783030101596
|
| 856 |
4 |
0 |
|u https://doi.org/10.1007/978-3-319-72134-7
|z Full Text via HEAL-Link
|
| 912 |
|
|
|a ZDB-2-SME
|
| 950 |
|
|
|a Medicine (Springer-11650)
|